000 00889nam a2200277 i 4500
001 32995
003 KOSZ 005
005 20200804145211.0
008 990506s1984 pl a f |000 0 pol
015 _aPB 1984/5366
020 _a8301024836
040 _aWA N
_cWA N
_dKOSZ 005/HR
041 0 _apol
080 _a514.18
080 _a(075.8)
100 1 _aJankowski, Wiktor
_d(1913-1996)
_eAutor
245 1 0 _aGeometria wykreślna :
_bpodręcznik dla inżynierskich studiów zawodowych /
_cWiktor Jankowski.
250 _aWyd. 5.
260 _aWarszawa :
_bPańst. Wydaw. Naukowe,
_c1984.
300 _a290, [1] s. :
_brys. ;
_c24 cm.
650 4 _aGeometria wykreślna
655 4 _aPodręczniki akademickie
658 _aMatematyka
856 _uhttp://koha.tu.koszalin.pl/cgi-bin/koha/opac-detail.pl?biblionumber=32995
_yKatalog online BPK
942 _2UKD
_cKS
999 _c32995
_d32995